000
00195 a2200097 4500
001
37786
100
_a
Kaliski B S
245
_a
Business Mathematics
260
_a
_b
_c
090
_c
23979
_d
23979
942
_a
NUST-CAE
_c
M
_c
15534
999
_c
272859
_d
272859